लोड हो रहा है...

The black hole of empire

ग्रंथसूची विवरण
मुख्य लेखक: Chatterjee, Partha
स्वरूप: Printed Book
प्रकाशित: Permanent Black, Ranikhet 2017
विषय:
LEADER 00422nam a2200157 4500
082
100 |a Chatterjee, Partha 
245 |a The black hole of empire  |c Chatterjee, Partha 
250
260 |a Permanent Black, Ranikhet  |c 2017 
300
490
650 |a Indian English literature collections 
942 |c BK 
999 |c 192510  |d 192510 
952 |0 0  |1 0  |4 0  |7 0  |9 205859  |a ISL  |b ISL  |l 0  |p ISL06404  |r 2019-10-28  |w 2019-10-28  |y BK